[Event "4NCL 2017-18"]
[Site "England ENG"]
[Date "2018.03.17"]
[Round "7.67"]
[White "Ciuksyte, Dagne"]
[Black "White, Stuart A"]
[Result "1-0"]
[WhiteTitle "IM"]
[WhiteElo "2308"]
[BlackElo "2150"]
[WhiteTeam "Guildford"]
[BlackTeam "Alba"]
[WhiteFideId "12800619"]
[BlackFideId "407747"]
[EventDate "2017.11.11"]

1. b3 e5 2. Bb2 Nc6 3. c4 d6 4. d3 f5 5. g3 Nf6 6. Bg2 g6 7. Nf3 Bg7 8. O-O O-O
9. Nbd2 Qe8 10. e4 f4 11. d4 exd4 12. Nxd4 Ng4 13. N2f3 fxg3 14. hxg3 g5 15.
Nxg5 Qh5 16. Nh3 Nce5 17. f4 Ng6 18. Rb1 Qc5 19. Qd2 Bd7 20. Nf2 Nf6 21. Bf3 a5
22. Kg2 Rae8 23. Bc3 a4 24. Rbc1 Qb6 25. Ba5 Qa7 26. Bxc7 Nxe4 27. Nxe4 Bxd4 28.
Nxd6 Be3 29. Bd5+ Kh8 30. Qd3 b6 31. Qc3+ Ne5 32. Nxe8 1-0

[Event "4NCL 2017-18"]
[Site "England ENG"]
[Date "2018.03.17"]
[Round "7.68"]
[White "Roy, Ali"]
[Black "Golding, Alex"]
[Result "0-1"]
[WhiteElo "1923"]
[BlackElo "2224"]
[WhiteTeam "Alba"]
[BlackTeam "Guildford"]
[WhiteFideId "2400456"]
[BlackFideId "427241"]
[EventDate "2017.11.11"]

1. Nf3 Nf6 2. g3 d6 3. Bg2 e5 4. d3 Nc6 5. O-O h6 6. e4 Be6 7. Nbd2 Qd7 8. c3 g5
9. d4 Bg4 10. dxe5 dxe5 11. Qc2 O-O-O 12. Nc4 Bd6 13. b4 Qe6 14. Ne3 Bh3 15. Bb2
Rdg8 16. b5 Ne7 17. c4 Bxg2 18. Kxg2 Nd7 19. Nf5 Bc5 20. Rad1 f6 21. Nd2 Rd8 22.
Nb3 Nxf5 23. exf5 Qf7 24. Rd5 Be7 25. Rfd1 Nb6 26. Rxd8+ Rxd8 27. c5 Rxd1 28.
Qxd1 Qd5+ 29. Qxd5 Nxd5 30. a3 g4 31. h3 h5 32. hxg4 hxg4 33. Kf1 Bf8 34. Ke2
Ne7 35. f3 gxf3+ 36. Kxf3 Nxf5 37. g4 Nh4+ 38. Ke4 Kd7 39. Bc1 Ke6 40. Be3 Ng2
41. Bf2 Nf4 42. a4 Nd5 43. Be1 b6 44. cxb6 cxb6 45. a5 Bb4 46. axb6 axb6 47. Bf2
Nc3+ 48. Kd3 Kd5 49. Bxb6 Nxb5 50. Bd8 Bc3 51. Nc1 e4+ 52. Ke3 Na3 53. Ne2 Nc2+
54. Kf2 Be5 55. Ba5 Kc4 56. Bb6 Kd3 57. Ba5 Bd4+ 58. Kf1 Ne3+ 59. Ke1 Nxg4 60.
Nf4+ Ke3 61. Nd5+ Kf3 0-1

[Event "4NCL 2017-18"]
[Site "England ENG"]
[Date "2018.03.17"]
[Round "7.71"]
[White "Turner, Matthew J"]
[Black "Rudd, Jack"]
[Result "1-0"]
[WhiteTitle "GM"]
[BlackTitle "IM"]
[WhiteElo "2529"]
[BlackElo "2273"]
[WhiteTeam "Barbican 4NCL"]
[BlackTeam "West is Best"]
[WhiteFideId "402893"]
[BlackFideId "405736"]
[EventDate "2017.11.11"]

1. c4 e5 2. g3 g6 3. Bg2 Bg7 4. Nc3 Nc6 5. e3 d6 6. Nge2 Nge7 7. d3 Be6 8. Nd5
O-O 9. O-O g5 10. e4 g4 11. Be3 Nd4 12. Nxd4 exd4 13. Bg5 f6 14. Bd2 Ng6 15. f4
f5 16. Ba5 b6 17. Bd2 a5 18. Qa4 Bd7 19. Qa3 Rb8 20. e5 dxe5 21. fxe5 Bxe5 22.
Rae1 c6 23. Rxe5 Nxe5 24. Ne7+ Kf7 25. Bg5 Be6 26. h4 Qd7 27. Re1 Nf3+ 28. Bxf3
gxf3 29. Nxc6 Qxc6 30. Qe7+ Kg8 31. Rxe6 Qb7 32. Qd6 f4 33. Bxf4 Rbe8 34. Kf2
Qf7 35. Rxe8 Rxe8 36. Qxd4 Qe6 37. Be3 Rf8 38. h5 Qf6 39. Qg4+ Qg7 40. Qxg7+
Kxg7 41. Bxb6 Kh6 42. g4 a4 43. Be3+ Kg7 44. b4 1-0

[Event "4NCL 2017-18"]
[Site "England ENG"]
[Date "2018.03.17"]
[Round "7.72"]
[White "Cooper, John G"]
[Black "Devereaux, Maxim L"]
[Result "0-1"]
[WhiteTitle "IM"]
[BlackTitle "IM"]
[WhiteElo "2268"]
[BlackElo "2350"]
[WhiteTeam "West is Best"]
[BlackTeam "Barbican 4NCL"]
[WhiteFideId "1800027"]
[BlackFideId "408280"]
[EventDate "2017.11.11"]

1. Nf3 d5 2. g3 Nf6 3. Bg2 e6 4. O-O Be7 5. c4 O-O 6. b3 c5 7. Bb2 Nc6 8. e3 b6
9. Nc3 Ba6 10. Qe2 dxc4 11. bxc4 Qd7 12. Rfd1 Rad8 13. d4 cxd4 14. exd4 Qc7 15.
Rac1 Qb8 16. Ne4 Rfe8 17. Nfg5 Nxe4 18. Nxf7 Kxf7 19. Bxe4 Na5 20. Qh5+ Kf8 21.
d5 Bf6 22. Ba3+ Rd6 23. dxe6 Rxe6 24. Bd5 Be7 25. Bxe6 Rxe6 26. Qxh7 Qe8 0-1

[Event "4NCL 2017-18"]
[Site "England ENG"]
[Date "2018.03.17"]
[Round "7.73"]
[White "Griffiths, Ryan Rhys"]
[Black "Toma, Katarzyna"]
[Result "0-1"]
[WhiteTitle "FM"]
[BlackTitle "WGM"]
[WhiteElo "2353"]
[BlackElo "2264"]
[WhiteTeam "Barbican 4NCL"]
[BlackTeam "West is Best"]
[WhiteFideId "2502054"]
[BlackFideId "1119907"]
[EventDate "2017.11.11"]

1. c4 Nf6 2. g3 g6 3. Bg2 d5 4. cxd5 Nxd5 5. Nc3 Nxc3 6. bxc3 Bg7 7. Nf3 c5 8.
O-O O-O 9. Rb1 Nc6 10. Qa4 Qc7 11. Ng5 Bd7 12. Qh4 h6 13. Nf3 Rac8 14. d3 h5 15.
h3 Bf6 16. Bg5 Bxg5 17. Nxg5 b6 18. f4 Kg7 19. f5 Qe5 20. g4 f6 21. Ne4 hxg4 22.
hxg4 Rh8 23. Qg3 Qxg3 24. Nxg3 Rh4 25. g5 Rg4 26. gxf6+ exf6 27. Ne4 Re8 28. Rf2
gxf5 29. Nd6 Re5 30. Nc4 Re7 31. Kf1 Ne5 32. Ne3 Rg5 33. Nd5 Re8 34. Bh3 Rh8 35.
Nf4 Ng4 36. Rf3 Nh2+ 37. Kf2 Nxf3 38. exf3 Rh4 39. Ke3 Rg3 40. Bf1 Bc6 41. Be2
Rh2 42. Rf1 Kf7 43. d4 cxd4+ 44. cxd4 Ke7 45. d5 Bb7 46. d6+ Kxd6 47. Rd1+ Ke7
48. Rc1 Kd8 49. Rd1+ Kc8 50. Rd6 Rg8 51. Ne6 f4+ 52. Nxf4 Re8+ 53. Ne6 Bd5 54.
Ba6+ Kb8 55. Rxd5 Rxe6+ 56. Kf4 Rxa2 57. Bf1 Kc7 58. Bh3 Rd6 59. Rh5 a5 60. Bf5
a4 61. Rh7+ Kc6 62. Be4+ Kb5 63. Ke3 Kb4 64. Rh4 Kc3 65. Rh1 a3 66. Rc1+ Kb3 67.
Bd3 Rb2 68. Bc4+ Kb4 69. Bf7 a2 0-1

[Event "4NCL 2017-18"]
[Site "England ENG"]
[Date "2018.03.17"]
[Round "7.74"]
[White "Rees, Ioan"]
[Black "Sanders, Isaac B"]
[Result "0-1"]
[WhiteTitle "FM"]
[BlackTitle "FM"]
[WhiteElo "2278"]
[BlackElo "2355"]
[WhiteTeam "West is Best"]
[BlackTeam "Barbican 4NCL"]
[WhiteFideId "1801236"]
[BlackFideId "417661"]
[EventDate "2017.11.11"]

1. Nf3 f5 2. b3 d6 3. d4 Nf6 4. Bb2 e6 5. e3 Be7 6. Nbd2 O-O 7. Bd3 Qe8 8. Qe2
Nc6 9. a3 Bd7 10. h3 d5 11. c4 Ne4 12. g4 Nxd2 13. Kxd2 Na5 14. Rag1 f4 15. Kc2
fxe3 16. fxe3 dxc4 17. bxc4 Bc6 18. e4 Ba4+ 19. Kb1 Bb3 20. Nd2 e5 21. c5 Bf7
22. Qe3 exd4 23. Qxd4 Bf6 24. e5 Rd8 25. Qc3 Bxe5 26. Qxe5 Qxe5 27. Bxe5 Rxd3
28. Bxc7 Bg6 29. Kc1 Rc8 0-1

[Event "4NCL 2017-18"]
[Site "England ENG"]
[Date "2018.03.17"]
[Round "7.75"]
[White "Dorrington, Chris J"]
[Black "Phillips, Roy"]
[Result "1/2-1/2"]
[BlackTitle "FM"]
[WhiteElo "2308"]
[BlackElo "2170"]
[WhiteTeam "Barbican 4NCL"]
[BlackTeam "West is Best"]
[WhiteFideId "410462"]
[BlackFideId "404136"]
[EventDate "2017.11.11"]

1. e4 d6 2. d4 Nf6 3. Nc3 g6 4. Nf3 Bg7 5. Be2 O-O 6. O-O a6 7. a4 Nc6 8. Re1 e5
9. d5 Ne7 10. Nd2 Ne8 11. Nc4 f5 12. f3 f4 13. b4 g5 14. b5 axb5 15. Nxb5 Nf6
16. Bd2 Ng6 17. Ba5 b6 18. Bc3 g4 19. a5 g3 20. axb6 Rxa1 21. Qxa1 Nh5 22. h3
Bxh3 23. gxh3 Qd7 24. Bf1 Qxb5 25. Qa5 Qxa5 26. Bxa5 cxb6 27. Bxb6 Nh4 28. Nd2
Ra8 29. Be2 Ra2 30. Rc1 Nf6 31. Nc4 Bf8 32. Bc7 Ne8 33. Bd8 Ng6 34. Bd3 Ra8 35.
Ba5 Nh4 36. Be2 h6 37. Bb4 Rd8 38. Ba5 Rd7 39. Nd2 Ra7 40. Bd8 Ng6 41. Bb5 Kf7
42. Kf1 Be7 43. Bb6 Rb7 44. Nc4 Nh4 45. Ke2 Nf6 46. Bc6 Rxb6 47. Nxb6 Nxe4 48.
c4 Ng5 49. c5 e4 50. cxd6 exf3+ 51. Kd3 Bxd6 52. Nc4 g2 53. Nxd6+ Kg6 54. Ne4
Nxe4 55. d6 Nxd6 56. Kd4 Ndf5+ 57. Ke5 Ne3 58. Kxf4 Nf1 59. Be4+ Kf6 60. Rc6+
Ke7 61. Rc7+ Kf6 62. Rc6+ Kf7 63. Rc7+ 1/2-1/2

[Event "4NCL 2017-18"]
[Site "England ENG"]
[Date "2018.03.17"]
[Round "7.76"]
[White "Kett, Tim"]
[Black "Taylor, Martin R"]
[Result "1-0"]
[BlackTitle "FM"]
[WhiteElo "2215"]
[BlackElo "2348"]
[WhiteTeam "West is Best"]
[BlackTeam "Barbican 4NCL"]
[WhiteFideId "1801210"]
[BlackFideId "407836"]
[EventDate "2017.11.11"]

1. d4 d5 2. c4 c6 3. Nf3 Nf6 4. Nc3 e6 5. e3 Nbd7 6. Bd3 dxc4 7. Bxc4 b5 8. Be2
Bb7 9. O-O a6 10. e4 b4 11. e5 bxc3 12. exf6 cxb2 13. fxg7 Bxg7 14. Bxb2 c5 15.
Rb1 O-O 16. dxc5 Bxb2 17. Rxb2 Nxc5 18. Qc1 Rc8 19. Qf4 Qe7 20. Rd1 Rfd8 21.
Rxd8+ Rxd8 22. h4 f6 23. h5 e5 24. Bc4+ Kh8 25. Qe3 Rd1+ 26. Kh2 e4 27. Be2 Rd7
28. Nh4 Qe5+ 29. g3 Ne6 30. Rb6 Ng5 31. Qb3 Bd5 32. Qb4 Kg7 33. Bg4 Be6 34. h6+
Kxh6 35. Qf8+ Rg7 36. Rb7 f5 37. Bxf5 Bf7 38. Bg4 Bg6 39. Rb6 Nf7 40. Nf5+ Kg5
41. Qxg7 Qxg7 42. Nxg7 Kxg4 43. Rxa6 Ne5 44. a4 Bf7 45. Rf6 Nf3+ 46. Kg2 Bc4 47.
Rf4+ Kg5 48. Rxe4 1-0

[Event "4NCL 2017-18"]
[Site "England ENG"]
[Date "2018.03.17"]
[Round "7.77"]
[White "Cox, John J"]
[Black "Blackburn, Jonathan L B"]
[Result "1-0"]
[WhiteTitle "IM"]
[WhiteElo "2314"]
[BlackElo "2200"]
[WhiteTeam "Barbican 4NCL"]
[BlackTeam "West is Best"]
[WhiteFideId "401064"]
[BlackFideId "1801090"]
[EventDate "2017.11.11"]

1. c4 b6 2. d4 Bb7 3. Nc3 e6 4. a3 f5 5. d5 Nf6 6. g3 Na6 7. Bg2 Bd6 8. Nh3 Nc5
9. O-O Be5 10. Qc2 O-O 11. Rd1 Qe7 12. b4 Nce4 13. Bb2 Bxc3 14. Bxc3 exd5 15.
Bxf6 Qxf6 16. Rac1 dxc4 17. Rxd7 b5 18. Rxc7 Qb6 19. Rd7 Rad8 20. Rcd1 Rxd7 21.
Rxd7 Bc6 22. Rd1 Qc7 23. f3 Qb6+ 24. Kf1 Nf6 25. Qxf5 Qe3 26. Qg5 Qb3 27. Qc1
Nd5 28. Kf2 c3 29. f4 c2 30. Rd2 Qe3+ 31. Ke1 Nxb4 32. Kf1 Bxg2+ 33. Kxg2 Qe4+
34. Kg1 Nc6 35. Qxc2 Qe3+ 36. Kf1 Ne5 37. Ng5 g6 38. Kg2 Nc4 39. Rd7 Qc5 40. Qe4
Ne3+ 41. Kf3 Qxg5 42. Qxe3 Qf6 43. Qb3+ Kh8 44. Qxb5 a6 45. Qd3 Rc8 46. Kg2 Re8
47. Kf2 h5 48. Qd4 1-0

[Event "4NCL 2017-18"]
[Site "England ENG"]
[Date "2018.03.17"]
[Round "7.78"]
[White "Zeidler, Sven P."]
[Black "Sahl, Sheila Barth"]
[Result "1-0"]
[WhiteTitle "FM"]
[BlackTitle "WIM"]
[WhiteElo "2185"]
[BlackElo "2136"]
[WhiteTeam "West is Best"]
[BlackTeam "Barbican 4NCL"]
[WhiteFideId "1800604"]
[BlackFideId "1500953"]
[EventDate "2017.11.11"]

1. e4 g6 2. d4 c6 3. Nc3 d5 4. f3 Bg7 5. Be3 dxe4 6. fxe4 Nf6 7. Nf3 O-O 8. Qd2
b5 9. a3 a5 10. Ne5 Bb7 11. Bd3 Nbd7 12. Nxd7 Nxd7 13. e5 c5 14. Bxb5 cxd4 15.
Bxd4 Nxe5 16. O-O-O Qc7 17. Rhe1 e6 18. Qg5 Nc6 19. Bxg7 Kxg7 20. Ne4 Rad8 21.
Qf6+ Kg8 22. Nc5 Bc8 23. Rxd8 Nxd8 24. Qe5 Qxe5 25. Rxe5 f6 26. Re4 e5 27. Bc4+
Kg7 28. Bd5 Nf7 29. Ra4 Rd8 30. c4 Nh6 31. Rxa5 Ng4 32. Ra8 Kh6 33. Kd2 f5 34.
Ke2 Nxh2 35. b3 f4 36. Be6 Bxe6 37. Rxd8 Bg4+ 38. Kf2 Bf5 39. Nd3 Ng4+ 40. Kg1
Kg5 41. c5 e4 42. Ne1 Ne5 43. b4 f3 44. b5 Kf4 45. gxf3 exf3 46. b6 Ke3 47. Nxf3
Nxf3+ 48. Kg2 Be4 49. Kg3 Ne5 50. a4 h5 51. Re8 Kd4 52. a5 Bc6 53. Rxe5 Kxe5 54.
a6 1-0

[Event "4NCL 2017-18"]
[Site "England ENG"]
[Date "2018.03.17"]
[Round "7.81"]
[White "Speelman, Jon S"]
[Black "Hunt, Adam C"]
[Result "1-0"]
[WhiteTitle "GM"]
[BlackTitle "IM"]
[WhiteElo "2503"]
[BlackElo "2401"]
[WhiteTeam "Wood Green"]
[BlackTeam "Blackthorne Russia"]
[WhiteFideId "400033"]
[BlackFideId "403970"]
[EventDate "2017.11.11"]

1. d4 Nf6 2. Nf3 g6 3. c4 Bg7 4. e3 O-O 5. Be2 d6 6. O-O c5 7. Nc3 Nc6 8. d5 Na5
9. a3 b6 10. b4 Nb7 11. Ra2 e5 12. dxe6 fxe6 13. Rd2 Bd7 14. Ng5 Ne8 15. Nge4
Qc7 16. Bb2 Rd8 17. Qb1 a6 18. h4 Bc6 19. Ng5 Qe7 20. b5 axb5 21. cxb5 Bd7 22.
Na4 d5 23. e4 Bxb2 24. Qxb2 Nf6 25. e5 Nh5 26. Nxb6 h6 27. Nxd7 Rxd7 28. Nh3
Qxh4 29. Qc2 Rg7 30. Qd1 Rf5 31. Bg4 Rxe5 32. Re2 Rxe2 33. Qxe2 Re7 34. Re1 Qf6
35. Qd2 Kh7 36. Bxh5 gxh5 37. Nf4 Nd6 38. Nxh5 Qf5 39. Ng3 Qg6 40. a4 Rg7 41.
Qe3 Ne4 42. b6 h5 43. b7 Rxb7 44. Nxe4 Qxe4 45. Qxe4+ dxe4 46. Rxe4 Rb4 47. Rxe6
Rxa4 48. Re5 Kg6 49. Rxc5 Ra2 50. f3 Rb2 51. Kh2 Ra2 52. Kh3 Rb2 53. Rc6+ Kf5
54. g3 Rb1 55. f4 Ke4 56. Kh4 Rh1+ 57. Kg5 Rh3 58. g4 hxg4 59. Kxg4 Rh8 60. Re6+
Kd5 61. f5 Rg8+ 62. Kf4 Rg7 63. Re1 Rg2 64. f6 Kd6 65. Kf5 Kd7 66. f7 Rf2+ 67.
Kg6 Rg2+ 68. Kf6 Rf2+ 69. Kg7 Rg2+ 70. Kf8 Rf2 71. Rd1+ Kc7 72. Rd4 Rf1 73. Rg4
Kd7 74. Kg8 1-0

[Event "4NCL 2017-18"]
[Site "England ENG"]
[Date "2018.03.17"]
[Round "7.82"]
[White "Gormally, Daniel W"]
[Black "Christiansen, Johan-Sebastian"]
[Result "1-0"]
[WhiteTitle "GM"]
[BlackTitle "IM"]
[WhiteElo "2484"]
[BlackElo "2499"]
[WhiteTeam "Blackthorne Russia"]
[BlackTeam "Barbican 4NCL"]
[WhiteFideId "406465"]
[BlackFideId "1512668"]
[EventDate "2017.11.11"]

1. c4 e5 2. Nc3 Bb4 3. Nd5 Bc5 4. e3 Nf6 5. b4 Nxd5 6. bxc5 Nf6 7. d4 Qe7 8. Be2
O-O 9. Nf3 exd4 10. exd4 Re8 11. Be3 b6 12. cxb6 axb6 13. h3 Ne4 14. O-O Nc3 15.
Qd2 Nxe2+ 16. Qxe2 Nc6 17. Qc2 Ba6 18. Rfe1 Qb4 19. Ng5 g6 20. Ne4 Kg7 21. d5 f5
22. dxc6 Rxe4 23. cxd7 Rd8 24. Bd2 Qxc4 25. Qb2+ Kf7 26. Rxe4 fxe4 27. Bh6 Rxd7
28. Qh8 Ke6 29. Rc1 Qd5 30. Qg8+ Ke7 31. Qxh7+ Qf7 32. Qh8 Qf6 33. Qa8 Bd3 34.
Rc6 Qa1+ 35. Kh2 Qe5+ 36. g3 Qf5 37. Be3 Bb5 38. Rc1 c5 39. a4 Rd8 40. Qa7+ Bd7
41. h4 Rh8 42. Qxb6 Kf7 43. Rxc5 Rxh4+ 44. Kg1 Qg4 45. Qb3+ Kg7 46. Rg5 1-0

[Event "4NCL 2017-18"]
[Site "England ENG"]
[Date "2018.03.17"]
[Round "7.83"]
[White "Weaving, Richard"]
[Black "Bates, Richard A"]
[Result "1/2-1/2"]
[WhiteTitle "FM"]
[BlackTitle "IM"]
[WhiteElo "2333"]
[BlackElo "2371"]
[WhiteTeam "Wood Green"]
[BlackTeam "Blackthorne Russia"]
[WhiteFideId "401161"]
[BlackFideId "403555"]
[EventDate "2017.11.11"]

1. e4 c5 2. Nf3 d6 3. d4 cxd4 4. Nxd4 Nf6 5. Nc3 a6 6. Be3 e5 7. Nb3 Be6 8. f3
h5 9. Qd2 Nbd7 10. a4 Qc7 11. a5 Be7 12. Be2 O-O 13. O-O b5 14. Nd5 Nxd5 15.
exd5 Bf5 16. Rac1 Nf6 17. Rfd1 Qb7 18. Na1 h4 19. c3 Rfe8 20. Nc2 Bd8 21. b4 Rc8
22. Na3 e4 23. f4 Ng4 24. Bxg4 Bxg4 25. Re1 h3 26. g3 Bf6 27. c4 Bf3 28. c5 Qd7
29. Nc2 Qg4 30. c6 Qh5 31. Rb1 Bg2 32. Rbc1 Bb2 1/2-1/2

[Event "4NCL 2017-18"]
[Site "England ENG"]
[Date "2018.03.17"]
[Round "7.84"]
[White "Ledger, Andrew J"]
[Black "Harvey, Marcus R"]
[Result "1/2-1/2"]
[WhiteTitle "IM"]
[BlackTitle "FM"]
[WhiteElo "2369"]
[BlackElo "2358"]
[WhiteTeam "Blackthorne Russia"]
[BlackTeam "Wood Green"]
[WhiteFideId "400610"]
[BlackFideId "400092"]
[EventDate "2017.11.11"]

1. Nf3 Nf6 2. c4 c5 3. Nc3 d5 4. cxd5 Nxd5 5. e3 Nc6 6. Bc4 Nxc3 7. bxc3 e6 8.
O-O Be7 9. d4 O-O 10. e4 b6 11. Be3 Na5 12. Bd3 Bb7 13. Qe2 Rc8 14. Rad1 cxd4
15. cxd4 Qd6 16. Rfe1 Rfd8 17. h4 Nc6 18. Bb1 e5 19. dxe5 Qe6 20. Bf4 Bc5 21.
Rxd8+ Rxd8 22. Rd1 Rxd1+ 23. Qxd1 Qg4 24. Qd2 h6 25. a4 Bc8 26. Ba2 Qg6 27. Bd5
Bh3 28. Ne1 Nd4 29. Kh1 Be6 30. Qd3 Qh5 31. Bg3 Ne2 32. Bxe6 fxe6 33. Nf3 Nxg3+
34. fxg3 Qe8 35. Qc4 Qg6 36. Qa6 Qf7 37. g4 Kh7 38. g5 h5 39. Qc8 g6 40. Qd8 Kg7
41. Qd2 Qe8 42. Qc2 1/2-1/2

[Event "4NCL 2017-18"]
[Site "England ENG"]
[Date "2018.03.17"]
[Round "7.85"]
[White "Fitzsimons, David"]
[Black "Webb, Laurence E"]
[Result "1/2-1/2"]
[WhiteTitle "FM"]
[BlackTitle "FM"]
[WhiteElo "2323"]
[BlackElo "2281"]
[WhiteTeam "Wood Green"]
[BlackTeam "Blackthorne Russia"]
[WhiteFideId "2501961"]
[BlackFideId "402389"]
[EventDate "2017.11.11"]

1. e4 e6 2. d4 d5 3. Nd2 Be7 4. Bd3 Nf6 5. e5 Nfd7 6. Qg4 Kf8 7. Ne2 c5 8. c3 h5
9. Qf3 Nc6 10. O-O g6 11. Nf4 Kg7 12. Qg3 Nf8 13. Nf3 b6 14. Bb5 Bd7 15. Nh3
Nxd4 16. Nxd4 cxd4 17. Bxd7 Nxd7 18. cxd4 Nb8 19. Be3 Nc6 20. Rac1 Rc8 21. Rc3
Qd7 22. Qf4 Nb4 23. Ng5 Bxg5 24. Qxg5 Qd8 25. Rxc8 Qxg5 26. Rxh8 Qf5 27. Rc8 g5
28. a3 Nd3 29. b3 h4 30. Rd1 h3 31. gxh3 Nf4 32. Bxf4 gxf4 33. f3 Qxh3 34. Rc3
Qh4 35. Rc2 Qe7 36. Ra1 f6 37. Re2 fxe5 38. Rxe5 Qc7 39. Kg2 Qc2+ 40. Kh3 Qc3
41. Rae1 Qxf3+ 42. Kh4 Qf2+ 43. Kg5 Qg2+ 44. Kxf4 Qxh2+ 45. Kg5 Qd2+ 46. R1e3
Qg2+ 47. Kh5 Qh2+ 48. Kg5 Qg2+ 49. Kh5 Qh2+ 1/2-1/2

[Event "4NCL 2017-18"]
[Site "England ENG"]
[Date "2018.03.17"]
[Round "7.86"]
[White "Eames, Robert S"]
[Black "McDonald, Neil"]
[Result "0-1"]
[WhiteTitle "FM"]
[BlackTitle "GM"]
[WhiteElo "2173"]
[BlackElo "2397"]
[WhiteTeam "Blackthorne Russia"]
[BlackTeam "Wood Green"]
[WhiteFideId "408743"]
[BlackFideId "400629"]
[EventDate "2017.11.11"]

1. d4 d5 2. c4 e6 3. Nc3 Be7 4. cxd5 exd5 5. Bf4 c6 6. e3 Bf5 7. g4 Bg6 8. h4 h6
9. h5 Bh7 10. Bd3 Bxd3 11. Qxd3 Na6 12. Nge2 Bd6 13. a3 Ne7 14. b4 Nc7 15. Bxd6
Qxd6 16. f4 Ne6 17. Kf2 a5 18. Na4 axb4 19. axb4 O-O 20. Nc5 b6 21. Nxe6 Qxe6
22. f5 Qd6 23. b5 c5 24. dxc5 bxc5 25. Nf4 d4 26. Kf3 Rfd8 27. Ra6 Rxa6 28. bxa6
Nc6 29. Qe4 dxe3 30. Ra1 Qd2 31. Kg3 Qc3 32. Rb1 e2+ 33. Kf2 Ne5 34. Nxe2 Nd3+
35. Kg2 Qc2 36. Qe7 Nf4+ 37. Kf3 Rd3+ 38. Kf2 Nxe2 39. Rb8+ Kh7 40. Qxe2 Rd2 0-1

[Event "4NCL 2017-18"]
[Site "England ENG"]
[Date "2018.03.17"]
[Round "7.87"]
[White "Valdes Escobar, Alvaro"]
[Black "Ledger, Stephen C"]
[Result "1-0"]
[WhiteTitle "IM"]
[WhiteElo "2360"]
[BlackElo "2013"]
[WhiteTeam "Wood Green"]
[BlackTeam "Blackthorne Russia"]
[WhiteFideId "3405451"]
[BlackFideId "404470"]
[EventDate "2017.11.11"]

1. Nf3 d5 2. c4 d4 3. b4 g6 4. g3 Bg7 5. d3 a5 6. b5 b6 7. Bg2 Bb7 8. O-O e5 9.
Ba3 Ne7 10. Nbd2 O-O 11. Rc1 Nd7 12. Re1 Re8 13. e3 dxe3 14. fxe3 Nf5 15. Nh4
Bxg2 16. Nxf5 gxf5 17. Kxg2 Qg5 18. Nf3 Qf6 19. Nh4 Rad8 20. Qe2 Re6 21. Rcd1
Bf8 22. Bb2 Qg5 23. Qf2 f4 24. exf4 exf4 25. Rxe6 fxe6 26. Qd4 Nc5 27. Qh8+ Kf7
28. Qxh7+ Bg7 29. Nf3 Qg6 30. Ne5+ 1-0

[Event "4NCL 2017-18"]
[Site "England ENG"]
[Date "2018.03.17"]
[Round "7.88"]
[White "Atkins, Rita"]
[Black "Longson, Sarah N"]
[Result "1/2-1/2"]
[WhiteTitle "WIM"]
[BlackTitle "WFM"]
[WhiteElo "2071"]
[BlackElo "2112"]
[WhiteTeam "Blackthorne Russia"]
[BlackTeam "Wood Green"]
[WhiteFideId "408050"]
[BlackFideId "2501465"]
[EventDate "2017.11.11"]

1. d4 d5 2. Bf4 Nf6 3. e3 c5 4. Nc3 cxd4 5. exd4 a6 6. Nf3 Bg4 7. h3 Bxf3 8.
Qxf3 e6 9. Be2 Nc6 10. Rd1 Qb6 11. Qd3 Qxb2 12. Rb1 Qa3 13. Rb3 Qa5 14. O-O Bb4
15. Rfb1 O-O 16. a3 Bxc3 17. Rxc3 Ne4 18. Rcb3 b5 19. f3 Nf6 20. c3 Nd7 21. Bd6
Rfd8 22. a4 b4 23. cxb4 Qb6 24. Bc5 Qc7 25. Rc3 Qg3 26. b5 axb5 27. axb5 Na5 28.
Qd2 e5 29. b6 Qg6 30. Qd3 Qf6 31. dxe5 Nxe5 32. Qd4 Nac6 33. Qd2 d4 34. Rcb3 Qf5
35. b7 Rab8 36. Bb6 Rd7 37. Ba6 d3 38. f4 Ng6 39. Bxd3 Qd5 40. Qe3 Rdxb7 41. Be4
Qd7 42. Qc5 Nge7 43. Rd3 Qe6 44. Bf3 h6 45. Rd6 Qa2 46. Rb5 Qa6 47. Bxc6 Rxb6
48. Rxb6 Qxb6 49. Qxb6 Rxb6 50. Rd8+ Kh7 51. Bf3 Kg6 1/2-1/2

[Event "4NCL 2017-18"]
[Site "England ENG"]
[Date "2018.03.18"]
[Round "8.11"]
[White "Sadler, Matthew D"]
[Black "Zhou, Yang-Fan"]
[Result "1-0"]
[WhiteTitle "GM"]
[BlackTitle "IM"]
[WhiteElo "2693"]
[BlackElo "2440"]
[WhiteTeam "Guildford"]
[BlackTeam "Guildford"]
[WhiteFideId "400173"]
[BlackFideId "468584"]
[EventDate "2017.11.11"]

1. d4 Nf6 2. c4 g6 3. Nc3 Bg7 4. e4 d6 5. f3 O-O 6. Bg5 c5 7. d5 h6 8. Be3 e6 9.
Qd2 exd5 10. cxd5 Re8 11. Rc1 a6 12. b3 b5 13. Bd3 h5 14. Nge2 Nbd7 15. O-O b4
16. Na4 Nb6 17. Nxb6 Qxb6 18. Kh1 a5 19. Bh6 Bh8 20. Nf4 a4 21. g4 Re5 22. g5
Nd7 23. Ng2 axb3 24. axb3 Ra3 25. f4 Re8 26. e5 dxe5 27. f5 e4 28. fxg6 Qxg6 29.
Nf4 Qd6 30. Bb5 Rxb3 31. g6 f5 32. Qe2 Re7 33. Qxh5 Nf6 34. Qh4 Ra7 35. Rc2 e3
36. Rg2 Ng4 37. Be8 Ba6 38. Bf7+ Rxf7 39. gxf7+ Kxf7 40. Qh5+ Ke7 41. Bf8+ Kxf8
42. Ne6+ 1-0

[Event "4NCL 2017-18"]
[Site "England ENG"]
[Date "2018.03.18"]
[Round "8.12"]
[White "Flear, Glenn C"]
[Black "Fressinet, Laurent"]
[Result "1/2-1/2"]
[WhiteTitle "GM"]
[BlackTitle "GM"]
[WhiteElo "2444"]
[BlackElo "2651"]
[WhiteTeam "Guildford"]
[BlackTeam "Guildford"]
[WhiteFideId "400165"]
[BlackFideId "608742"]
[EventDate "2017.11.11"]

1. d4 e6 2. c4 Bb4+ 3. Bd2 a5 4. g3 Nf6 5. Bg2 d5 6. Qc2 O-O 7. Nf3 Be7 8. O-O
Nbd7 9. b3 c6 10. Nc3 b6 11. cxd5 cxd5 12. Nb5 Ba6 13. a4 Rc8 14. Qd3 Ne4 15.
Rfc1 Nxd2 16. Qxd2 Bb4 17. Qd1 Qe7 18. Rxc8 Rxc8 19. Rc1 Qf8 20. e3 Nf6 21. Ne5
Bxb5 22. axb5 Bd6 23. Rxc8 Qxc8 24. Nc6 h5 25. h3 Qc7 26. Kf1 g6 27. g4 hxg4 28.
hxg4 Bf8 29. Kg1 Ne8 30. Bf1 Qd6 31. Bd3 Qa3 32. Qc2 Bd6 33. Bxg6 fxg6 34. Qxg6+
Ng7 35. Nd8 Bh2+ 36. Kg2 Qe7 37. Nc6 Qh4 38. g5 Bd6 39. Qf6 Qg4+ 40. Kf1 Qd1+
41. Kg2 Qg4+ 42. Kf1 Qh3+ 43. Ke1 Qh1+ 44. Kd2 Kh7 45. g6+ Kh6 46. Nd8 Bb4+ 47.
Ke2 Qh5+ 48. Kf1 Qd1+ 49. Kg2 Qg4+ 50. Kf1 Qd1+ 51. Kg2 Qg4+ 52. Kf1 Qxg6 53.
Nf7+ Kh7 54. Ng5+ Kh6 55. Nf7+ Kh7 1/2-1/2